书目信息 |
| 题名: |
人怎样才美
|
|
| 作者: | 杨安嵛 著 | |
| 分册: | ||
| 出版信息: | 长沙 湖南人民出版社 1981 |
|
| 页数: | 177页 | |
| 开本: | 19cm | |
| 丛书名: | ||
| 单 册: | ||
| 中图分类: | B834.3 | |
| 科图分类: | ||
| 主题词: | 社会生活美 | |
| 电子资源: | ||
| ISBN: | ||
| 000 | 00588nam0 2200229 45 | |
| 001 | 0181002534 | |
| 005 | 20060811153805.87 | |
| 010 | @dCNY0.42 | |
| 091 | @aCN@b3109.485 | |
| 100 | @a19950602d1981 em y0chiy0121 ea | |
| 101 | 0 | @achi |
| 102 | @aCN@b430000 | |
| 105 | @ay z 000yy | |
| 200 | 10 | @a人怎样才美@Aren zen yang cai mei@f杨安嵛著 |
| 210 | @a长沙@c湖南人民出版社@d1981 | |
| 215 | @a177页@d19cm | |
| 606 | @a社会生活美 | |
| 690 | @aB834.3@v3 | |
| 701 | 0 | @a杨安嵛@Ayang an yu@4著 |
| 801 | 0 | @aCN@bTSSF@c20060811 |
| 801 | 2 | @aCN@bNLC@c20060731 |
| 905 | @a10447@dB834.3@e201 | |
| 人怎样才美/杨安嵛著.-长沙:湖南人民出版社,1981 |
| 177页;19cm |
| ISBN :CNY0.42 |
| ● |
| 相关链接 |
|
|
|
|
正题名:人怎样才美
索取号:B834.3/201
 
预约/预借
| 序号 | 登录号 | 条形码 | 馆藏地/架位号 | 状态 | 备注 |
| 1 | 0440795 | 204407953 | 密集书库/ [索取号:B834.3/201] | 在馆 | |
| 2 | 0448752 | 204487527 | 密集书库/ [索取号:B834.3/201] | 在馆 |